Statistics for roman numerals quiz!

Click here to take the quiz!

General Stats

  • This quiz has been taken 244 times
  • The average score is 13 of 15

Answer Stats

HintAnswer% Correct
68lxviii
98%
134cxxxiv
94%
1003miii
90%
678dclxxviii
88%
MMMDCCC3800
85%
MDVII1507
83%
2876mmdccclxxvi
83%
3512mmmdxii
83%
MDCCXL1740
82%
MMDCLXV2665
82%
CCXCIX299
82%
MMMDCCCLXXXVIII3888
81%
CDLXIX469
79%
99xcix
78%
MCDLIV1454
72%

Score Distribution

Percentile by Number Answered

Percent of People with Each Score

Your Score History

You have not taken this quiz